000 00516nam a22001817a 4500
005 20241127141620.0
008 241127b |||||||| |||| 00| 0 eng d
022 _a18738192
040 _aKMU
_cKMU
_dKMU
110 _aTechnical Centre for Agricultural and Rural Cooperation (CTA)
245 _aHow to keep bees and process honey
260 _aNetherlands:
_bCTA,
_c2007
300 _aI,6 P.:
_bill.;
_c7cm
490 _aCTA practical guide series, N0.13
650 _aBees
650 _aHoney
942 _cSE
_n0
_2ddc
999 _c1462
_d1462